Quizzes
Events
Quiz Creation
Community
Videos
Private Events
Remove Ads
Sign In
Join for FREE
Feedback
Dark Mode
Quiz Categories
Sports
Geography
Music
Movies
Television
Just For Fun
Miscellaneous
History
Literature
Language
Science
Gaming
Entertainment
Religion
Holiday
For Kids
Quiz Lab
Recent
Popular Today
Quiz Kudos Today
Editor Picks
Curator Picks
Quizzes by...
Day
Popularity
Type
Ratings
Length
Year
Community
Subscriptions
Recent Discussions
Orange Saloon
Badges
Playlists
Quests
Create
Leaderboards
Showdown
Live 5
Trivia Bingo
Activity
Puzzle Library
Sporcle Events
Private Events
Virtual Trivia
Globe League
Become a Host
Pub Owners
SporcleCon
Opinionation
Our Games
Videos
Blog
Mobile Apps
Partnerships
Remove Ads and Go Orange
Feedback
Sports
Athletes
MLB
NBA
NHL
NFL
Soccer
Sports Teams
WWE
NCAA
Football
Premier League
Basketball
Baseball
Hockey
Golf
Tennis
Cricket
Rugby
Auto Racing
Olympics
World Cup
Sports
Athletes
MLB
NBA
NHL
NFL
Soccer
Sports Teams
WWE
NCAA
Football
Premier League
Basketball
Baseball
Hockey
Golf
Tennis
Cricket
Rugby
Auto Racing
Olympics
World Cup
Random Quiz
Search Sporcle
×
Quiz Lab
Quiz Lab
Sports
University
Type in answers that appear in a list
Type in answers that appear in a list
Classic
Best Score? Go Orange.
Nebraska College Football Hall of Famers Stats
Can you name the College Football Hall of Famers from the University of Nebraska–Lincoln ?
By
CFBHallofFame
5m
21 Questions
113 Plays
113 Plays
113 Plays
Comments
Comments
Give Quiz Kudos
Give Quiz Kudos
-
- Ratings
hide this ad
Replay
Link that replays current quiz
Next Quiz
Link to next quiz in quiz playlist
You Got
0%
They Got
Avg Score
36%
Avg Friend Score
Upgrade to see
Score Distribution
Jump to the score distribution portion of the page
Score
0/21
Timer
05:00
0
Plays Today
Position
Hall of Famer
% Correct
Coach 1973-
97
Tom Osborne
96.5%
Runningback 1981-
83
Mike Rozier
84.1%
Wingback 1970-
72
Johnny Rodgers
83.2%
Coach 1962–72
Bob Devaney
75.2%
Center 1979-
82
Dave Rimington
69%
Defensive End 1994-
97
Grant Wistrom
63.7%
Offensive Tackle 1989-
92
Will Shields
51.3%
Middle Guard 1970-
72
Rich Glover
46%
Guard 1961-
63
Bob Brown
32.7%
Halfback 1950-
52
Bobby Reynolds
31%
Coach 1929–36
Dana Bible
23.9%
Position
Hall of Famer
% Correct
Coach 1898
Fielding Yost
19.5%
Tackle 1923-
25
Ed Weir
17.7%
Fullback 1934-
36
Sam Francis
16.8%
Coach 1937–41
Lawrence 'Biff' Jones
15.9%
Halfback /
End 1911-
15
Guy Chamberlin
13.3%
Middle Guard 1965-
67
Wayne Meylan
12.4%
Fullback 1931-
33
George Sauer
11.5%
Coach 1896–97
Eddie 'Robbie' Robinson
4.4%
Tackle 1938-
40
Forrest Behm
2.7%
End 1918-
21
Clarence Swanson
0.9%
Quiz Playlist
Details
Report
Send in Message
Add To Playlist
Classic:
Type in answers that appear in a list
Last Updated: Feb 16, 2017
Quiz Scoreboard
CHALLENGE
Sign Up to Join the Scoreboard
Show All
Scores
Hide
Comments
May contain spoilers
Recently Published
College Basketball Coaching Resumes
by pancakes188
Sports
9m
Billboard Blitz: Fleetwood Mac
by CooCooCachoo
Music
15s
Presidents Visiting Landmarks
by Hejman
History
7m
More to Explore
Quiz From the Vault
Featured Blog Post
Where Did the Easter Bunny Come From?
hide this ad
You Might Also Like...
Tags
College Quiz
Football Quiz
University Quiz
Famer
hall
Inducted
lincoln
NCAA Football
nebraska
Nebraska Cornhuskers
Today's Top Quizzes in Sports
Browse Sports
hide this ad
Today's Top Quizzes in University
Browse University
Top Contributed Quizzes in Sports
1
2022 World Cup Stars
2
Les meilleurs buteurs des matchs entre le PSG et l’OM
3
FIFA Club World Cup Champions
4
Les entraîneurs de l'OM et du PSG au 21e siècle
5
Criteria MLB: Left Handed Sluggers
6
AFC Teams Reveal (Wrong Answers Minefield)
7
2023 MLB Unique Player Accomplishments
8
Players with Multiple 50 Home Run Seasons
9
5-to-1: FBS Animal Nicknames
10
5-to-1: UK Sports Teams
Explore More
Trending Topics
Kpop
Harry Potter
Crossword
Marvel
Disney
NBA
Anime
NFL
Soccer
Song
Pokémon
Country
The Office
Puzzle
WWE
hide this ad
More By:
CFBHallofFame
Quiz
Plays
Rating
Category
Featured
Created
College Football Stadium Nicknames
418
2.00
Sports
Aug 9, 2012
Heisman Winner or Non-Winner?
157
4.40
Sports
Jun 17, 2012
Nebraska College Football Hall of Famers
113
Sports
Jun 18, 2012
Heisman Memorial Trophy Winners
107
3.00
Sports
Jun 5, 2012
USC College Football Hall of Famers
101
Sports
Jun 7, 2012
Go to Creator's Profile
Score Distribution
Quiz Creator Spotlight
CFBHallofFame
Follow
Send a Message
Quizzes Created
-
Created Quiz Play Count
-
More By This Creator
Popular Quizzes Today
1
Find the US States - No Outlines Minefield
2
Find the Countries of Europe - No Outlines Minefield
3
The Countries of the World
4
Find the US States
5
Risky Map Clicking: Biggest States A-Z
6
US States
7
Popular People in 1961
8
Movies - When Are They Set?
More Sports Quizzes
10 to 1 soccer teams per country - Europe II
Quiz Lab
Trending Quizzes
Risky Map Clicking: Least Populous States A-Z
1-10 Letter G Words
1-10 Letter F Words
Risky Map Clicking: Next State Alphabetically
Risky Map Clicking: Biggest States A-Z
Recently Updated
Leaping Animals
pecheneg
Reality TV Shows (A-Z)
bhenderson79
Rickey Henderson's Hall of Fame Teammates
pecheneg
Champions League XIs: Arsenal
pecheneg
Quick Pick: Celebrities in WWE's Hall of Fame
aduchscher
A-Z Keypad Blitz II
pecheneg
Multiple Oscar Actors
pecheneg
Mystery Phrase Blitz: Oscar 'Best Actors'
pecheneg
F. Scott Fitzgerald Novels
LTH
Pick 3 Villains
ddd62291
Trending Topics
Kpop
Disney
NBA
Harry Potter
Marvel
Crossword
Anime
Soccer
Country
NFL
Song
The Office
WWE
Puzzle
Pokémon
Your Account Isn't Verified!
In order to create a playlist on Sporcle, you need to verify the email address you used during registration. Go to your
Sporcle Settings
to finish the process.
Report this User
Report this user for behavior that violates our
Community Guidelines
.
Details:
Send Report
Go to the Sporcle.com Mobile Site →
Comments